Регионална библиотека "Любен Каравелов" - Русе

Саможертва и борба (Запис номер 44037)

MARC детайли
000 -Лидер
Контролно поле с фиксирана дължина 01908nam a2200469 c 4500
003 - Код на организацията, давaща контролен номер
Контролно поле BLK
005 - Дата и час на последна редакция
Контролно поле 20250119004122.0
008 - Елементи от данни с фиксирана дължина
fixed length control field 180408b bul|||||r ||||||| ||bul||
010 ## - Наследен системен номер
LC control number KNG00047796000
020 ## - Международен стандартен номер на книга ISBN
Международен стандартен номер на книга ISBN 954-9548-68-6
040 ## - Източник на каталожния запис
Идентификатор на билиотеката - собственик на записа BLK
041 ## - Код за език
Код за езика на текст/звукозапис или на отделно заглавие Български
Код за езика КДБФ Български
072 #7 - Код за тематичната категория
Код организация bullib
Код за тематична категория Я
Текст Автографи
080 ## - УДК
Текстов определител УДК Политически партии и движения
УДК код - определител по УДК 329
УДК определител (497.2)БЗНС(091)
УДК - код + определител 329(497.2)БЗНС(091)
080 ## - УДК
Текстов определител УДК Политическо преследване. Терористични действия. Тероризъм - Атентати, политически убийства. Вж и 343.1 ; 343.3/.7
УДК код - определител по УДК 323.28
УДК определител (497.2)(091)
УДК - код + определител 323.28(497.2)(091)
080 ## - УДК
Текстов определител УДК Народна Република България (1946 - 1990)
УДК код - определител по УДК 94(497.2)"1946/1990"
УДК - код + определител 94(497.2)"1946/1990"
100 1# - Редна дума - Автор
Автор Хорозов, Крум Кънчев
Дати, свързани с автора 1925-2017
Авторска отговорност първи автор
R(LIN) 366025
139 ## - Редно поле
Редна дума Хорозов, Крум Кънчев
Авторски знак Хоро - Х 69
245 10 - Сведения за заглавието
Заглавие Саможертва и борба
Редно поле (дума) Крум Кънчев Хорозов.
257 ## - Страна на издаване
Страна на създаване/издаване България
260 ## - Област на издателските данни
Име на издателя, разпространителя и проч. Авангард принт
Година на издаване 2004
300 ## - Физическа характеристика
Страници 112 с.
Илюстрации и др. с портр.
Размери/Мащаб 22 см
380 ## - Жанр
Жанр Обществени науки
500 ## - Общи забележки
Забележка Съдържа и Автобиографични данни. - Офс. изд.
650 #4 - Допълнително описание по предмет – тема
Основно описание – тема или топоним БЗНС - история
9 (RLIN) 245934
650 #4 - Допълнително описание по предмет – тема
Основно описание – тема или топоним България - вътрешна политика - след 9.IХ.1944 г.
9 (RLIN) 261429
650 #0 - Допълнително описание по предмет – тема
Основно описание – тема или топоним България - история, нова
9 (RLIN) 241998
653 ## - Ключова дума – ненормативна
Ключова дума БЗНС
653 ## - Ключова дума – ненормативна
Ключова дума история
653 ## - Ключова дума – ненормативна
Ключова дума спомени
653 ## - Ключова дума – ненормативна
Ключова дума дейци
659 ## - Тематичен бюлетин
Тематичен бюлетин К
659 ## - Тематичен бюлетин
Тематичен бюлетин Я
852 ## - Местоположение
Форматна сигнатура Цб 220515
852 ## - Местоположение
Форматна сигнатура К 329(497.2)/Х 69 К
856 4# - Електронен адрес и достъп
Електронен формат pdf - файл
856 4# - Електронен адрес и достъп
Електронен формат pdf - файл
999 ## - СИСТЕМНИ КОНТРОЛНИ НОМЕРА
Koha biblionumber 44037
Koha biblioitemnumber 44037
942 ## - АРТИКУЛИ
Вид на библиотечния материал Книги
Скрит в OPAC Не
Периодичен библиозапис Да
944 ## - СЪЗДАВАНЕ И РЕДАКЦИЯ на ЗАПИСА
Създаване/Редакция Създаване
Дата на регистрацията/редакция 27.07.2004
Служител, извършил регистрацията/редакцията
Статус, дата на статуса CRON CRON
944 ## - СЪЗДАВАНЕ И РЕДАКЦИЯ на ЗАПИСА
Създаване/Редакция Редакция
Дата на регистрацията/редакция 30.05.2014
999 ## - СИСТЕМНИ КОНТРОЛНИ НОМЕРА
Koha biblioitemnumber 44037
Наличности
Код за отписване Код за изгубен артикул Код за повреда Коз за рестрикции Код за отдаване Артикулен № Име на библиотеката - собственик Име на библиотеката, в която се намира в момента Статус (Текущо местоположение) Дата на вписване в системата Местоположение - отдел Цена в лева Номерация (Хронология) Инвентарен номер Систематично азбучна сигнатура Баркод Номер на екземпляра Цена в евро Служебна бележка Служебен тип на артикула Източник на класификационната схема
  Не е изгубен Не е повреден без рестрикции ползва се в читалня 69243 Регионална библиотека "Любен Каравелов" Русе Регионална библиотека "Любен Каравелов" Русе Хранилище 2004-07-27 Основен фонд - ползва се само за читалня 5.00 Автограф: Крум Хорозов 120000687237 Цб 220515 120000687237 1 2.56 Дост: DA Вид: А N: 17 Дата: 27.07.2004 Книги  
  Не е изгубен Не е повреден без рестрикции ползва се в читалня 69244 Регионална библиотека "Любен Каравелов" Русе Регионална библиотека "Любен Каравелов" Русе Краезнание 2004-07-27 Краезнание 5.00   120000687239 К 329(497.2)/Х 69 К 120000687239 2 2.56 Дост: DA Вид: А N: 17 Дата: 27.07.2004 Дата инв: 13.11.2017 Бележки инв: К2017 Книги Universal Decimal Classification
  Не е изгубен Не е повреден без рестрикции ползва се в читалня 69245 Регионална библиотека "Любен Каравелов" Русе Регионална библиотека "Любен Каравелов" Русе Хранилище 2005-06-24 Хранилище 0.00   120000695093 Цб 220515 120000695093 3 0.00 Дост: Dp Вид: Д N: 32 Дата: 28.07.2004 Книги  
Vip Innovations Ltd, Rousse, Bulgaria 2025